Statistics for 2024 Sydney (SYD) Airport Destinations

Click here to take the quiz!

General Stats

  • This quiz has been taken 88 times
  • The average score is 63 of 94

Answer Stats

HintAnswer% Correct
Air New Zealand, Qantas,
Jetstar, LATAM Chile,
China Eastern
Auckland
100%
Air ChinaBeijing
100%
Qantas, China Eastern, Shanghai
Airlines
Shanghai
100%
Qantas, Singapore Airlines,
Scoot, British Airways,
Finnair
Singapore
100%
ANA, Japan Airlines, QantasTokyo
100%
EmiratesDubai
98%
Air New Zealand, QantasWellington
98%
Air IndiaDelhi
97%
Qantas, American, United,
Delta
Los Angeles
97%
Qantas, Cathay PacificHong Kong
95%
Qantas, Garuda IndonesiaJakarta
95%
Malaysia Airlines, Air AsiaKuala Lumpur
95%
Virgin Australia, Qantas, JetstarAdelaide
93%
Air Asia, Qantas, Thai Airways,Bangkok
93%
Qatar AirwaysDoha
93%
Vietnam AirlinesHanoi
93%
Philippines Airlines, Qantas,
Cebu Pacific
Manila
93%
Jetstar, Qantas, Virgin Australia,
REX
Melbourne
93%
Virgin Australia, Qantas, JetstarPerth
93%
Qantas, Air CanadaVancouver
93%
Virgin Australia, REX, Qantas,
Jetstar, Air Vanuatu
Brisbane
92%
Jetstar, Vietjet, Vietnam AirlinesHo Chi Minh City
92%
Etihad AirwaysAbu Dhabi
90%
Qantas, UnitedSan Francisco
90%
Jetstar, Qantas, Korean Air,
Asiana, T'way Airlines
Seoul
90%
Sri Lankan AirlinesColombo
88%
Qantas, JetstarDarwin
88%
Jetstar, Qantas, Batik Air,
Virgin Australia, Garuda
Indonesia
Denpasar/Bali
88%
Hawaiian Airlines, Qantas,
Jetstar
Honolulu
88%
China Southern AirlinesGuangzhou
86%
Air New Zealand, Qantas,
Emirates
Christchurch
85%
LATAM Chile, QantasSantiago
85%
Virgin Australia, QantasCanberra
83%
Virgin Australia, Qantas, JetstarCairns
80%
QantasDallas/Fort Worth
80%
Virgin Australia, Qantas, JetstarGold Coast
78%
Virgin Australia, Qantas, JetstarHobart
78%
China AirlinesTaipei
78%
Fiji Airways, Jetstar, Qantas,
Virgin Australia
Nadi
76%
China Eastern AirlinesWuhan
76%
UnitedHouston
75%
QantasAlice Springs
73%
Xiamen AirXiamen
73%
Virgin Australia, Qantas, JetstarSunshine Coast
71%
Jetstar, QantasTownsville
71%
Air NiuginiPort Moresby
69%
Virgin Australia, Qantas,
Jetstar, Air New Zealand
Queenstown
69%
Fly PelicanNewcastle
68%
Virgin Australia, Qantas, JetstarLaunceston
66%
Tianjin AirlinesChongqing
64%
Air VanuatuPort Vila
64%
Sichuan AirlinesChengdu
61%
Aircalin, QantasNoumea
61%
JetstarPhuket
61%
China Southern AirlinesShenzhen
61%
REX, QantasAlbury
58%
REX, QantasBroken Hill
58%
REX, QantasDubbo
58%
QantasJohannesburg
58%
REX, QantasWagga Wagga
58%
QantasBengaluru
56%
REX, QantasOrange
54%
Beijing Capital AirlinesQingdao
53%
REX, QantasCoffs Harbour
49%
China Eastern AirlinesNanjing
49%
China Eastern AirlinesHangzhou
47%
QantasTamworth
47%
QantasWellcamp/Toowoomba
47%
Jetstar, QantasAyers Rock
46%
QantasNuku'alofa/Tongatapu
46%
QantasArmidale
44%
Virgin Australia, Qantas, JetstarBallina
44%
QantasBendigo
44%
Hainan AirlinesHaikou
44%
QantasMildura
44%
REX, QantasPort Macquarie
44%
JetstarRarotonga/Avarua
44%
Virgin Australia, Qantas, JetstarHamilton Island
42%
QantasLord Howe Island
42%
QantasNorfolk Island
42%
Jetstar, QantasAvalon
41%
Tianjin AirlinesZhengzhou
39%
REXParkes
34%
Rex, QantasGriffith
32%
China Eastern AirlinesJinan
32%
REX, QantasMerimbula
32%
Rex, QantasMerimbula
32%
RexMoruya
32%
Fly PelicanMudgee
32%
Fly PelicanCobar
31%
Link AirwaysNarrabri
29%
JetstarHervey Bay
27%
Link AirwaysInverell
27%
RexNarrandera
25%

Score Distribution

Percentile by Number Answered

Percent of People with Each Score

Your Score History

You have not taken this quiz